Neoliberalismo y capitalismo académico /
1Introduciendo el concepto de capitalismo académico, Jaime Ornelas reflexiona sobre el impactode las políticas neoliberales en el ámbito de la educación superior en lo que refiere a la incorporación y la capilaridad de lógicas empresariales promovidas por sectores del capital privado nacional y extr...
Na minha lista:
| Autor principal: | |
|---|---|
| Formato: | Texto |
| Assuntos: | |
| Tags: |
Adicionar Tag
Sem tags, seja o primeiro a adicionar uma tag!
|
MARC
| LEADER | 00000 a a2200000 04500 | ||
|---|---|---|---|
| 001 | 43434 | ||
| 003 | |||
| 040 | |||
| 100 | |a Ornelas Delgado, Jaime | ||
| 245 | |a Neoliberalismo y capitalismo académico / |c Jaime Ornelas Delgado | ||
| 520 | 4 | |a 1Introduciendo el concepto de capitalismo académico, Jaime Ornelas reflexiona sobre el impactode las políticas neoliberales en el ámbito de la educación superior en lo que refiere a la incorporación y la capilaridad de lógicas empresariales promovidas por sectores del capital privado nacional y extranjero. Particularmente, nos invita a pensar sobre los embates y los nocivos efectos a los que la universidad pública fue sometida por las mencionadas políticas, cercenando su función social y atentando contra su carácter laico, gratuito y autónomo. | |
| 590 | |a RRA/JULIO2012 | ||
| 650 | |a 1.DERECHO A LA EDUCACION | ||
| 650 | |a 2.PRIVATIZACION | ||
| 650 | |a 3.MERCANCIAS | ||
| 650 | |a 4.FINES DE LA EDUCACION | ||
| 650 | |a 5.CAMBIO SOCIAL | ||
| 650 | |a 6.AMERICA LATINA | ||
| 773 | |g páginas 83-119 | ||
| 999 | |c 38311 |d 38311 | ||
